<?xml version="1.0" encoding="UTF-8"?>
<record
    xmlns:xsi="http://www.w3.org/2001/XMLSchema-instance"
    xsi:schemaLocation="http://www.loc.gov/MARC21/slim http://www.loc.gov/standards/marcxml/schema/MARC21slim.xsd"
    xmlns="http://www.loc.gov/MARC21/slim">

  <leader>03199nab a2200433 i 4500</leader>
  <controlfield tag="001">31406</controlfield>
  <controlfield tag="003">FINmELB</controlfield>
  <controlfield tag="005">20241216220645.0</controlfield>
  <controlfield tag="006">m     o  d |      </controlfield>
  <controlfield tag="007">cr cnu||||||||</controlfield>
  <controlfield tag="008">230918c20029999mx tr p  o    0    0spa d</controlfield>
  <datafield tag="022" ind1=" " ind2=" ">
    <subfield code="a">1870-3925</subfield>
  </datafield>
  <datafield tag="035" ind1=" " ind2=" ">
    <subfield code="a">(OCoLC)1399429378</subfield>
  </datafield>
  <datafield tag="040" ind1=" " ind2=" ">
    <subfield code="a">FINmELB</subfield>
    <subfield code="b">spa</subfield>
    <subfield code="e">rda</subfield>
    <subfield code="c">FINmELB</subfield>
  </datafield>
  <datafield tag="050" ind1=" " ind2="4">
    <subfield code="a">HM51</subfield>
    <subfield code="b">.M378 2002</subfield>
  </datafield>
  <datafield tag="080" ind1=" " ind2=" ">
    <subfield code="a">316</subfield>
  </datafield>
  <datafield tag="082" ind1="0" ind2="4">
    <subfield code="a">301</subfield>
    <subfield code="2">23</subfield>
  </datafield>
  <datafield tag="100" ind1="1" ind2=" ">
    <subfield code="a">Martner Peyrelongue, Carlos,</subfield>
    <subfield code="e">autor.</subfield>
  </datafield>
  <datafield tag="245" ind1="1" ind2="0">
    <subfield code="a">Redes multimodales y articulaci&#xF3;n territorial del puerto de Guaymas /</subfield>
    <subfield code="c">Carlos Martner Peyrelongue.</subfield>
  </datafield>
  <datafield tag="264" ind1=" " ind2="1">
    <subfield code="a">Hermosillo :</subfield>
    <subfield code="b">El Colegio de Sonora,</subfield>
    <subfield code="c">2002.</subfield>
  </datafield>
  <datafield tag="310" ind1=" " ind2=" ">
    <subfield code="a">Cuatrimestral</subfield>
  </datafield>
  <datafield tag="336" ind1=" " ind2=" ">
    <subfield code="a">texto</subfield>
    <subfield code="b">txt</subfield>
    <subfield code="2">rdacontent/spa</subfield>
  </datafield>
  <datafield tag="337" ind1=" " ind2=" ">
    <subfield code="a">computadora</subfield>
    <subfield code="b">c</subfield>
    <subfield code="2">rdamedia/spa</subfield>
  </datafield>
  <datafield tag="338" ind1=" " ind2=" ">
    <subfield code="a">recurso en l&#xED;nea</subfield>
    <subfield code="b">cr</subfield>
    <subfield code="2">rdacarrier/spa</subfield>
  </datafield>
  <datafield tag="362" ind1="0" ind2=" ">
    <subfield code="a">1989-</subfield>
  </datafield>
  <datafield tag="520" ind1=" " ind2=" ">
    <subfield code="a">La apertura comercial y la globalizaci&#xF3;n de los procesos productivos han afectado notablemente el desarrollo de los puertos mexicanos, as&#xED; como sus formas de articulaci&#xF3;n territorial. Pocos presentan un notable dinamismo, mientras que la mayor&#xED;a muestra cuadros de contracci&#xF3;n en los flujos y desestructuraci&#xF3;n de sus v&#xED;nculos espaciales previos. En ese contexto, el presente art&#xED;culo tiene por objetivo conocer, en una primera aproximaci&#xF3;n, el impacto de la creaci&#xF3;n de redes multimodales en las formas de articulaci&#xF3;n territorial de un puerto que tradicionalmente ha tenido una fuerte presencia regional en el noroeste de M&#xE9;xico, como es el caso de Guaymas, en Sonora. Desde la perspectiva emp&#xED;rica, se analiza la problem&#xE1;tica que enfrenta el puerto para articular en redes multimodales eficaces las cadenas de productos tradicionales en el noroeste de M&#xE9;xico, as&#xED; como las cadenas de bienes intermedios de las industrias m&#xE1;s din&#xE1;micas y globalizadas de la regi&#xF3;n. Desde la perspectiva te&#xF3;rica y conceptual, se pretende contribuir al estudio de la desestructuraci&#xF3;n de los territorios-zona (Veltz, 1994) o "espacios de lugar" (Castells, 1996), caracterizados por relaciones de proximidad, de continuidad y de relativa cohesi&#xF3;n interna, debido a la emergencia del llamado "espacio de flujos" (Castells, 1996), propio de la actual fase de globalizaci&#xF3;n de los procesos productivos y sociales, caracterizado por una integraci&#xF3;n discontinua, fragmentada y selectiva del territorio, que se apoya en nodos y redes de gran alcance.</subfield>
  </datafield>
  <datafield tag="588" ind1=" " ind2=" ">
    <subfield code="a">Descripci&#xF3;n basada en metadatos suministrados por el editor y otras fuentes.</subfield>
  </datafield>
  <datafield tag="588" ind1=" " ind2=" ">
    <subfield code="a">Descripci&#xF3;n basada en Regi&#xF3;n y sociedad, vol. 14, no. 23 (enero-abril 2002), P. 3-42.</subfield>
  </datafield>
  <datafield tag="590" ind1=" " ind2=" ">
    <subfield code="a">Recurso electr&#xF3;nico. Santa Fe, Arg.: elibro, 2023. Disponible v&#xED;a World Wide Web. El acceso puede estar limitado para las bibliotecas afiliadas a elibro.</subfield>
  </datafield>
  <datafield tag="650" ind1=" " ind2="4">
    <subfield code="a">Espacio de flujos.</subfield>
  </datafield>
  <datafield tag="650" ind1=" " ind2="4">
    <subfield code="a">Puerto.</subfield>
  </datafield>
  <datafield tag="650" ind1=" " ind2="4">
    <subfield code="a">Redes.</subfield>
  </datafield>
  <datafield tag="650" ind1=" " ind2="4">
    <subfield code="a">Territorio.</subfield>
  </datafield>
  <datafield tag="650" ind1=" " ind2="4">
    <subfield code="a">Transporte multimodal.</subfield>
  </datafield>
  <datafield tag="655" ind1=" " ind2="4">
    <subfield code="a">Art&#xED;culos electr&#xF3;nicos.</subfield>
  </datafield>
  <datafield tag="773" ind1="1" ind2=" ">
    <subfield code="t">Regi&#xF3;n y sociedad.</subfield>
    <subfield code="x">ISSN1870-3925</subfield>
    <subfield code="d">Hermosillo : El Colegio de Sonora.</subfield>
    <subfield code="g">vol. 14, no. 23 (enero-abril 2002), p. 3-42</subfield>
  </datafield>
  <datafield tag="797" ind1="2" ind2=" ">
    <subfield code="a">elibro, Corp.</subfield>
  </datafield>
  <datafield tag="856" ind1="4" ind2="0">
    <subfield code="u">https://elibro.net/ereader/politecnicointernacional/85005</subfield>
  </datafield>
  <datafield tag="999" ind1=" " ind2=" ">
    <subfield code="c">31406</subfield>
    <subfield code="d">31406</subfield>
  </datafield>
</record>
